| 000 | 00491nam a2200169 i 4500 | ||
|---|---|---|---|
| 001 | 132581 | ||
| 003 | ES-MaACL | ||
| 005 | 20230906194215.0 | ||
| 007 | t| | ||
| 008 | 070214s1966 sp |||| | spa d | ||
| 100 | 1 |
_aRomo Aldama, Emilio. _999480 |
|
| 245 | 1 | 0 |
_aEjercicios prácticos de fisiología especial / _cE. Romo Aldama. |
| 260 |
_aValladolid : _b[s. n.], _c1966 ( _fTip. Cristo Rey) |
||
| 300 |
_a235 p. ; _c21 cm. |
||
| 650 | 4 |
_aFisiología. _9136120 |
|
| 852 |
_aES-MaACL _jG-5069 |
||
| 999 |
_c132581 _d132581 |
||